Heats of Mixing Data Collection Vol. III, Part 2. Binary and Multicomponent Systems

Salvato in:
Dettagli Bibliografici
Autore principale: Christensen, C.
Altri autori: Gmehling, J., Rasmussen, P., Weidlich, U.
Natura: Libro
Lingua:inglese
Pubblicazione: Frankfurt/Main DECHEMA 1984
Edizione:1. ed.
Serie:Chemistry Data Series, Vol. III, Part 2
Soggetti:
Accesso online:Visualizza in OPAC
Tags: Aggiungi Tag
Nessun Tag, puoi essere il primo ad aggiungerne!!

MARC

LEADER 00000nam a2200000 a 4500
005 20260127134213.0
008 050405 1984 gw 000 0 eng d
020 |a 3921567505 
035 |a vtls001522398 
039 9 |y 200504051319  |z mschk03 
040 |a STUSCHK1  |b slo  |c STUSCHK1  |e AACR2 
080 |a 541.121/.123 
100 1 |a Christensen, C. 
245 1 |a Heats of Mixing Data Collection  |b Vol. III, Part 2. Binary and Multicomponent Systems 
250 |a 1. ed. 
260 |a Frankfurt/Main  |b DECHEMA  |c 1984 
300 |a x, 799-1604 s. 
490 0 |a Chemistry Data Series, Vol. III, Part 2 
650 0 |a Binary and Multicomponent Systems 
700 1 |a Gmehling, J. 
700 1 |a Rasmussen, P. 
700 1 |a Weidlich, U. 
910 |a SCHK95 
919 |a 3-921567-50-5 
999 |c 6622  |d 6622